| 000 | 00683nam a2200241 a 4500 | ||
|---|---|---|---|
| 999 |
_c6750 _d6750 |
||
| 001 | 6750 | ||
| 003 | BD-JhCC | ||
| 005 | 20200407134007.0 | ||
| 008 | 180129b1985 bg a|||| ||a| 001 0 ben d | ||
| 020 |
_a9848272976 _c052143680X |
||
| 035 | _a(BD-JhCC)6750 | ||
| 040 |
_aBD-JhCC _dBD-JhCC |
||
| 041 | _aben | ||
| 082 |
_a425 _bMUR 1985 |
||
| 100 | _aMurphy, Raymond | ||
| 245 |
_aEnglish Grammar in Use : _ba self-study reference and practice book for intermediate students / _cRaymond Murphy |
||
| 250 | _a2nd ed. | ||
| 260 |
_aNew York : _bCambridge University Press, _c1985. |
||
| 300 |
_a p. : _c24 cm. |
||
| 650 | _aEnglish Grammer | ||
| 942 |
_2ddc _cBK _02 |
||